[Event "Titled Tuesday intern op 24th Oct Late"]
[Site "Chess.com INT"]
[Date "2023.10.24"]
[Round "2"]
[White "Gogolev, Artem"]
[Black "Caruana, Fabiano"]
[Result "0-1"]
[WhiteElo "2250"]
[BlackElo "2786"]
[PlyCount "92"]
[EventDate "2023.10.24"]
[EventType "swiss (blitz)"]
[EventRounds "11"]
[EventCountry "USA"]
[SourceTitle "Mega2024 Update 01"]
[Source "Chessbase"]
[SourceDate "2023.11.12"]
[SourceVersion "1"]
[SourceVersionDate "2023.11.12"]
[SourceQuality "1"]

1. d4 b6 2. Bf4 Bb7 3. e3 d6 4. Nf3 Nd7 5. h3 Ngf6 6. Be2 g6 7. 0-0 Bg7 8. c4 Ne4 9. Qc2 0-0 10. Nc3 Nxc3 11. Qxc3 e5 12. Bh2 Qe7 13. Qc2 f5 14. dxe5 dxe5 15. Rad1 Kh8 16. b4 a5 17. c5 Be4 18. Qa4 c6 19. Rxd7 Qxd7 20. Rd1 Qe7 21. cxb6 axb4 22. Qb3 Bd5 23. Bc4 Bxf3 24. gxf3 Ra3 25. Qc2 Rc3 26. Qe2 Qc5 27. Bb3 Qxb6 28. Rd7 Rd8 29. Rxg7 Kxg7 30. Bxe5+ Kf8 31. Bxc3 bxc3 32. Qc4 Kg7 33. Qxc3+ Kh6 34. Qf6 Qc7 35. h4 Qd6 36. Qg5+ Kg7 37. h5 h6 38. Qh4 f4 39. hxg6 Qxg6+ 40. Kh2 Qg5 41. Qxf4 Qxf4+ 42. exf4 c5 43. Kg3 Rd4 44. f5 c4 45. Bc2 c3 46. f4 Rd2 0-1

[Event "Titled Tuesday intern op 24th Oct Late"]
[Site "Chess.com INT"]
[Date "2023.10.24"]
[Round "3"]
[White "Osmonbekov, Talaibek D"]
[Black "Gogolev, Artem"]
[Result "0-1"]
[WhiteElo "2137"]
[BlackElo "2250"]
[PlyCount "74"]
[EventDate "2023.10.24"]
[EventType "swiss (blitz)"]
[EventRounds "11"]
[EventCountry "USA"]
[SourceTitle "Mega2024 Update 01"]
[Source "Chessbase"]
[SourceDate "2023.11.12"]
[SourceVersion "1"]
[SourceVersionDate "2023.11.12"]
[SourceQuality "1"]

1. d4 d6 2. e4 g6 3. Nc3 Bg7 4. Bf4 a6 5. Qd2 Nd7 6. 0-0-0 b5 7. f3 Bb7 8. h4 h6 9. Nge2 c5 10. dxc5 Nxc5 11. Ng3 Rc8 12. h5 g5 13. Nf5 Bf6 14. Bxd6 exd6 15. Nxd6+ Kf8 16. Nxc8 Qxd2+ 17. Rxd2 Bxc8 18. Nd5 Be5 19. Kb1 Ne7 20. c4 Be6 21. cxb5 Nxd5 22. exd5 Bf5+ 23. Ka1 axb5 24. Bxb5 Ke7 25. d6+ Kf6 26. Bc4 Rb8 27. g4 Bd7 28. a3 Nb3+ 29. Bxb3 Rxb3 30. Ka2 Be6 31. Kb1 Bd7 32. Rf1 Ke6 33. Kc2 Rxb2+ 34. Kc1 Rb3 35. Re1 Rxa3 36. Rde2 f6 37. Kc2 Kxd6 0-1

[Event "Titled Tuesday intern op 26th Sep Late"]
[Site "Chess.com INT"]
[Date "2023.09.26"]
[Round "4"]
[White "Gogolev, Artem"]
[Black "Do Valle Cardoso, Lucas"]
[Result "0-1"]
[WhiteElo "2250"]
[BlackElo "2303"]
[PlyCount "70"]
[EventDate "2023.09.26"]
[EventType "swiss (blitz)"]
[EventRounds "11"]
[EventCountry "USA"]
[SourceTitle "EXT 2024"]
[Source "ChessBase"]
[SourceDate "2023.10.10"]
[SourceVersion "1"]
[SourceVersionDate "2023.10.10"]
[SourceQuality "1"]

1. c4 e5 2. Nc3 Nf6 3. Nf3 Nc6 4. g3 d5 5. cxd5 Nxd5 6. Bg2 Nf6 7. 0-0 h6 8. b3 Bc5 9. Bb2 0-0 10. Rc1 Re8 11. d3 Bg4 12. h3 Bh5 13. g4 Bg6 14. Nh4 Bh7 15. Nf5 Bxf5 16. gxf5 Nd4 17. Ne4 Bb6 18. Nxf6+ Qxf6 19. e3 Nxf5 20. Bxb7 Rad8 21. Qg4 Rxd3 22. Be4 Rd2 23. Bc3 Rxf2 24. Rxf2 Nxe3 25. Qf3 Qxf3 26. Rxf3 f5 27. Bb1 e4 28. Rf2 Nd5 29. Kg2 g5 30. Re2 Nf4+ 31. Kf1 Nxe2 32. Kxe2 f4 33. Bf6 Kf7 34. Bb2 f3+ 35. Kf1 e3 0-1

[Event "Titled Tuesday intern op 26th Sep Late"]
[Site "Chess.com INT"]
[Date "2023.09.26"]
[Round "6"]
[White "Gogolev, Artem"]
[Black "Yelisieiev, Yevhenii"]
[Result "0-1"]
[WhiteElo "2250"]
[BlackElo "2411"]
[PlyCount "126"]
[EventDate "2023.09.26"]
[EventType "swiss (blitz)"]
[EventRounds "11"]
[EventCountry "USA"]
[SourceTitle "EXT 2024"]
[Source "ChessBase"]
[SourceDate "2023.10.10"]
[SourceVersion "1"]
[SourceVersionDate "2023.10.10"]
[SourceQuality "1"]

1. c4 d6 2. g3 e5 3. Bg2 Nf6 4. Nc3 Be7 5. Nf3 0-0 6. 0-0 c6 7. d4 e4 8. Ng5 d5 9. cxd5 cxd5 10. f3 h6 11. Nh3 exf3 12. exf3 Nbd7 13. Nf4 Nb6 14. Nd3 Bf5 15. Ne5 Rc8 16. Re1 Re8 17. Bf4 Nc4 18. Nxc4 Rxc4 19. Bf1 Rc8 20. Rc1 Qb6 21. Na4 Qa5 22. Qb3 Bb4 23. Rxe8+ Rxe8 24. Nc5 Bxc5 25. dxc5 Bc8 26. Qb5 Qxa2 27. Bd3 a6 28. Qb4 a5 29. Qd4 Qb3 30. Bd6 Be6 31. Qc3 Qxc3 32. Rxc3 Nd7 33. Ra3 Ra8 34. Bb5 Nf6 35. b4 Bd7 36. Bxd7 Nxd7 37. bxa5 Nb8 38. Bxb8 Rxb8 39. Rb3 Rc8 40. Rxb7 Rxc5 41. a6 Ra5 42. a7 Kh7 43. Rxf7 Kg6 44. Rd7 Ra2 45. f4 Kf6 46. Kf1 g6 47. Ke1 Ke6 48. Rh7 h5 49. Rg7 Kf6 50. Rb7 Kf5 51. Rf7+ Kg4 52. Rf6 Rxa7 53. Rxg6+ Kh3 54. Rg5 Rh7 55. Kf2 Kxh2 56. Rxd5 Kh3 57. Rg5 Rh6 58. Kf3 Rh7 59. Re5 Rh6 60. f5 h4 61. gxh4 Kxh4 62. Kf4 Ra6 63. Re4 Kh5 0-1

[Event "Titled Tuesday intern op 12th Sep Early"]
[Site "Chess.com INT"]
[Date "2023.09.12"]
[Round "9"]
[White "Gogolev, Artem"]
[Black "Cagara, Paulina"]
[Result "1-0"]
[WhiteElo "2250"]
[BlackElo "2085"]
[PlyCount "63"]
[EventDate "2023.09.12"]
[EventType "swiss (blitz)"]
[EventRounds "11"]
[EventCountry "USA"]
[SourceTitle "EXT 2024"]
[Source "ChessBase"]
[SourceDate "2023.10.10"]
[SourceVersion "1"]
[SourceVersionDate "2023.10.10"]
[SourceQuality "1"]

1. e4 c6 2. d4 d5 3. e5 c5 4. dxc5 e6 5. Nf3 Bxc5 6. c3 Nc6 7. Bd3 a5 8. a4 Nge7 9. 0-0 Ng6 10. Re1 0-0 11. Na3 Nh4 12. Bf4 g6 13. Nb5 b6 14. Nfd4 Bxd4 15. cxd4 Ba6 16. Qg4 Nf5 17. Bg5 Qd7 18. Bxf5 exf5 19. Qh4 Nd8 20. Nd6 Ne6 21. Bf6 Rfc8 22. Re3 h5 23. Nxf5 Nf8 24. Ne7+ Kh7 25. Nxc8 Rxc8 26. h3 Rc2 27. g4 Be2 28. Rxe2 Rxe2 29. gxh5 Re4 30. hxg6+ Kxg6 31. Qg5+ Kh7 32. Qg7# 1-0

[Event "Titled Tuesday intern op 12th Sep Late"]
[Site "Chess.com INT"]
[Date "2023.09.12"]
[Round "5"]
[White "Gogolev, Artem"]
[Black "Mitev, Valentin"]
[Result "1/2-1/2"]
[WhiteElo "2250"]
[BlackElo "2261"]
[PlyCount "95"]
[EventDate "2023.09.12"]
[EventType "swiss (blitz)"]
[EventRounds "11"]
[EventCountry "USA"]
[SourceTitle "EXT 2024"]
[Source "ChessBase"]
[SourceDate "2023.10.10"]
[SourceVersion "1"]
[SourceVersionDate "2023.10.10"]
[SourceQuality "1"]

1. d4 d5 2. c4 dxc4 3. e4 e5 4. Nf3 Nf6 5. Nc3 exd4 6. Nxd4 Bc5 7. Be3 Ng4 8. Qa4+ Bd7 9. Qxc4 Nxe3 10. Qxc5 Nxf1 11. Rxf1 Nc6 12. 0-0-0 Qe7 13. Qxe7+ Nxe7 14. f4 0-0-0 15. h3 h5 16. Nf3 f6 17. e5 Nf5 18. exf6 gxf6 19. Rfe1 Rhe8 20. Rxe8 Rxe8 21. Nd5 Ne3 22. Nxf6 Nxd1 23. Nxe8 Ne3 24. Nf6 Nxg2 25. Nxh5 Bxh3 26. Nd4 Ne3 27. Kd2 Nc4+ 28. Kc3 Nd6 29. Ng7 Kd7 30. b4 Bg4 31. f5 c6 32. Kd3 Ke7 33. Ke3 Kf6 34. Nge6 Bxf5 35. Nd8 Bc8 36. N4xc6 bxc6 37. Nxc6 a6 38. Kd4 Ke6 39. a4 Bd7 40. Kc5 Ne4+ 41. Kb6 Kd6 42. Nd4 Bxa4 43. Kxa6 Bd1 44. b5 Be2 45. Ka7 Bc4 46. b6 Nc5 47. b7 Nxb7 48. Kxb7 1/2-1/2

[Event "Titled Tuesday intern op 12th Sep Early"]
[Site "Chess.com INT"]
[Date "2023.09.12"]
[Round "11"]
[White "Hernando Rodrigo, Julio Antonio"]
[Black "Gogolev, Artem"]
[Result "1-0"]
[WhiteElo "2208"]
[BlackElo "2250"]
[PlyCount "37"]
[EventDate "2023.09.12"]
[EventType "swiss (blitz)"]
[EventRounds "11"]
[EventCountry "USA"]
[SourceTitle "EXT 2024"]
[Source "ChessBase"]
[SourceDate "2023.10.10"]
[SourceVersion "1"]
[SourceVersionDate "2023.10.10"]
[SourceQuality "1"]

1. d4 d5 2. c4 c6 3. Nf3 Nf6 4. e3 e6 5. Nbd2 Nbd7 6. Bd3 b6 7. 0-0 Bb7 8. e4 dxe4 9. Nxe4 c5 10. d5 Nxe4 11. Bxe4 Nf6 12. Bg5 Be7 13. Bxf6 Bxf6 14. Qe2 e5 15. d6 Bxe4 16. Qxe4 0-0 17. Rad1 Re8 18. d7 Re7 19. Qxa8 1-0

[Event "Titled Tuesday intern op 12th Sep Late"]
[Site "Chess.com INT"]
[Date "2023.09.12"]
[Round "8"]
[White "Zaksaite, Salomeja"]
[Black "Gogolev, Artem"]
[Result "0-1"]
[WhiteElo "2217"]
[BlackElo "2250"]
[PlyCount "50"]
[EventDate "2023.09.12"]
[EventType "swiss (blitz)"]
[EventRounds "11"]
[EventCountry "USA"]
[SourceTitle "EXT 2024"]
[Source "ChessBase"]
[SourceDate "2023.10.10"]
[SourceVersion "1"]
[SourceVersionDate "2023.10.10"]
[SourceQuality "1"]

1. e4 c5 2. Nf3 e6 3. d4 cxd4 4. Nxd4 Nc6 5. Nc3 Qc7 6. Be3 a6 7. f3 Nf6 8. g4 b5 9. g5 Nh5 10. Qd2 Bb7 11. 0-0-0 Be7 12. Bh3 b4 13. Nce2 Ne5 14. b3 d5 15. f4 Nd7 16. f5 e5 17. f6 exd4 18. Bxd4 gxf6 19. gxf6 Nhxf6 20. exd5 Kd8 21. Rhf1 Rg8 22. Nf4 Bd6 23. Ne6+ fxe6 24. dxe6 Ne4 25. Qe3 Rc8 0-1

[Event "Titled Tuesday intern op 05th Sep Late"]
[Site "Chess.com INT"]
[Date "2023.09.05"]
[Round "7"]
[White "Ambartsumova, Karina"]
[Black "Gogolev, Artem"]
[Result "0-1"]
[WhiteElo "2418"]
[BlackElo "2250"]
[PlyCount "104"]
[EventDate "2023.09.05"]
[EventType "swiss (blitz)"]
[EventRounds "11"]
[EventCountry "USA"]
[SourceTitle "EXT 2024"]
[Source "ChessBase"]
[SourceDate "2023.10.10"]
[SourceVersion "1"]
[SourceVersionDate "2023.10.10"]
[SourceQuality "1"]

1. c4 c6 2. d4 d5 3. Nf3 Nf6 4. g3 Bf5 5. Qb3 Qb6 6. Nc3 e6 7. c5 Qxb3 8. axb3 h6 9. b4 a6 10. b5 Be7 11. Ne5 Nfd7 12. Nxd7 Kxd7 13. f3 cxb5 14. e4 dxe4 15. fxe4 Bg6 16. Bxb5+ Nc6 17. Bc4 Nxd4 18. 0-0 Bxc5 19. Kg2 b5 20. Bd3 Ke7 21. Be3 Rhd8 22. Rad1 Nb3 23. Bf4 Bd4 24. Bc2 Nc5 25. b4 Nb7 26. Ne2 Bb6 27. h3 f6 28. Bb1 e5 29. Bc1 Nd6 30. Nc3 Bf7 31. Rd2 Nc4 32. Rxd8 Rxd8 33. Ba2 Rd3 34. Rf3 Rxf3 35. Kxf3 Bd4 36. Ne2 Bb6 37. Bb1 Nd6 38. Nc3 Bc4 39. Be3 Bd4 40. Nd1 Bb3 41. Nf2 Nc4 42. Bxd4 exd4 43. Bd3 Ne5+ 44. Ke2 Bc4 45. Bxc4 bxc4 46. Kd2 Kd6 47. Nd1 Kc6 48. Nf2 Kb5 49. Ng4 Nxg4 50. hxg4 Kxb4 51. e5 fxe5 52. g5 hxg5 0-1

[Event "Titled Tuesday intern op 05th Sep Late"]
[Site "Chess.com INT"]
[Date "2023.09.05"]
[Round "9"]
[White "Gogolev, Artem"]
[Black "Povshednyi, Ivan"]
[Result "1-0"]
[WhiteElo "2250"]
[BlackElo "2230"]
[PlyCount "47"]
[EventDate "2023.09.05"]
[EventType "swiss (blitz)"]
[EventRounds "11"]
[EventCountry "USA"]
[SourceTitle "EXT 2024"]
[Source "ChessBase"]
[SourceDate "2023.10.10"]
[SourceVersion "1"]
[SourceVersionDate "2023.10.10"]
[SourceQuality "1"]

1. Nf3 d5 2. c4 e6 3. g3 Nf6 4. Bg2 Be7 5. 0-0 0-0 6. b3 d4 7. Bb2 c5 8. e3 Nc6 9. exd4 cxd4 10. Re1 a5 11. a3 h6 12. d3 Bc5 13. Nbd2 Qd6 14. Qe2 Re8 15. Ne5 Nxe5 16. Qxe5 Qxe5 17. Rxe5 Nd7 18. Ree1 e5 19. f4 f6 20. Bd5+ Kf8 21. Ne4 Ra6 22. fxe5 fxe5 23. Rf1+ Nf6 24. Nxc5 1-0

[Event "Titled Tuesday intern op 05th Sep Late"]
[Site "Chess.com INT"]
[Date "2023.09.05"]
[Round "8"]
[White "Kiewra, Keaton F"]
[Black "Gogolev, Artem"]
[Result "1-0"]
[WhiteElo "2300"]
[BlackElo "2250"]
[PlyCount "71"]
[EventDate "2023.09.05"]
[EventType "swiss (blitz)"]
[EventRounds "11"]
[EventCountry "USA"]
[SourceTitle "EXT 2024"]
[Source "ChessBase"]
[SourceDate "2023.10.10"]
[SourceVersion "1"]
[SourceVersionDate "2023.10.10"]
[SourceQuality "1"]

1. d4 d5 2. Bf4 Nf6 3. e3 e6 4. c4 Bd6 5. Bg3 0-0 6. Nc3 c5 7. dxc5 Bxc5 8. cxd5 exd5 9. Nf3 Nc6 10. Be2 d4 11. exd4 Nxd4 12. Nxd4 Bxd4 13. 0-0 Be6 14. Bf3 Bxc3 15. bxc3 Bd5 16. c4 Bxf3 17. Qxf3 Qc8 18. a4 Re8 19. a5 b6 20. Rfc1 Ne4 21. Bf4 Qf5 22. Be3 Qg6 23. axb6 axb6 24. Rxa8 Rxa8 25. Bxb6 Qxb6 26. Qxe4 Rd8 27. g3 Qc5 28. Qe3 Qxe3 29. fxe3 Kf8 30. Rc2 Ke7 31. Kf2 Rd6 32. Kf3 Rc6 33. Ke4 Re6+ 34. Kd4 Kd6 35. Ra2 Kc7 36. Ra7+ 1-0

[Event "Titled Tuesday intern op 22nd Aug Early"]
[Site "Chess.com INT"]
[Date "2023.08.22"]
[Round "10"]
[White "Coelho, Ramyres Santana"]
[Black "Gogolev, Artem"]
[Result "1-0"]
[WhiteElo "1981"]
[BlackElo "2241"]
[PlyCount "69"]
[EventDate "2023.08.22"]
[EventType "swiss (blitz)"]
[EventRounds "11"]
[EventCountry "USA"]
[SourceTitle "EXT 2024"]
[Source "ChessBase"]
[SourceDate "2023.10.10"]
[SourceVersion "1"]
[SourceVersionDate "2023.10.10"]
[SourceQuality "1"]

1. e4 c6 2. d4 d5 3. Nc3 dxe4 4. Nxe4 Bf5 5. Ng3 Bg6 6. Nf3 Nd7 7. h4 h6 8. h5 Bh7 9. Bd3 Bxd3 10. Qxd3 Ngf6 11. Bd2 e6 12. 0-0-0 Be7 13. c4 0-0 14. Kb1 b5 15. cxb5 cxb5 16. Qe2 Nb6 17. Qxb5 a6 18. Qb3 Rb8 19. Bf4 Bd6 20. Bxd6 Qxd6 21. Ne5 a5 22. Qd3 Nfd5 23. Ne4 Qc7 24. Qg3 Na4 25. Rd2 Nac3+ 26. Nxc3 Nxc3+ 27. Ka1 Ne4 28. Qd3 Nxd2 29. Qxd2 Rfd8 30. Rd1 Rb4 31. Qc3 Qxe5 32. Re1 Qxd4 33. Qa3 Qd1+ 34. Rxd1 Rd2 35. Rxd2 1-0

[Event "Titled Tuesday intern op 22nd Aug Early"]
[Site "Chess.com INT"]
[Date "2023.08.22"]
[Round "3"]
[White "Gogolev, Artem"]
[Black "Kosakowski, Jakub"]
[Result "0-1"]
[WhiteElo "2241"]
[BlackElo "2480"]
[PlyCount "98"]
[EventDate "2023.08.22"]
[EventType "swiss (blitz)"]
[EventRounds "11"]
[EventCountry "USA"]
[SourceTitle "EXT 2024"]
[Source "ChessBase"]
[SourceDate "2023.10.10"]
[SourceVersion "1"]
[SourceVersionDate "2023.10.10"]
[SourceQuality "1"]

1. d4 Nf6 2. c4 e6 3. g3 c5 4. Nf3 cxd4 5. Nxd4 d5 6. Bg2 e5 7. Nf3 d4 8. 0-0 Nc6 9. e3 Be7 10. exd4 exd4 11. Bf4 0-0 12. Ne5 Qb6 13. Qb3 Qxb3 14. axb3 Nb4 15. Na3 a6 16. Rfd1 Rd8 17. Nb5 Nc2 18. Rac1 axb5 19. Rxc2 Bf5 20. Rcc1 bxc4 21. Bxb7 Rab8 22. Nc6 Rxb7 23. Nxd8 Bxd8 24. Rxd4 Be7 25. Bd6 Rd7 26. Rcd1 cxb3 27. Bxe7 Rxe7 28. Rd8+ Ne8 29. Rb8 Bc2 30. Rdd8 Kf8 31. f3 f6 32. Kf2 Kf7 33. Rb4 Nc7 34. Rb7 Ne6 35. Rxe7+ Kxe7 36. Rg8 Kf7 37. Rb8 Nc5 38. Ke3 Nd3 39. Rb7+ Kg6 40. Kd2 Nxb2 41. Rb4 Nd3 42. Rg4+ Kf7 43. Rh4 Ne5 44. Rb4 Nxf3+ 45. Ke3 Nxh2 46. Kf2 h5 47. Rb7+ Kg6 48. Kg2 Be4+ 49. Kxh2 Bxb7 0-1

[Event "Titled Tuesday intern op 22nd Aug Early"]
[Site "Chess.com INT"]
[Date "2023.08.22"]
[Round "7"]
[White "Gogolev, Artem"]
[Black "Skaric, Djuro"]
[Result "0-1"]
[WhiteElo "2241"]
[BlackElo "2334"]
[PlyCount "148"]
[EventDate "2023.08.22"]
[EventType "swiss (blitz)"]
[EventRounds "11"]
[EventCountry "USA"]
[SourceTitle "EXT 2024"]
[Source "ChessBase"]
[SourceDate "2023.10.10"]
[SourceVersion "1"]
[SourceVersionDate "2023.10.10"]
[SourceQuality "1"]

1. d4 d6 2. Nf3 g6 3. c4 Bg7 4. Nc3 Nf6 5. Bg5 0-0 6. e3 h6 7. Bh4 Nc6 8. Be2 e5 9. 0-0 g5 10. Bg3 Nd7 11. dxe5 dxe5 12. Nd2 f5 13. f3 Nc5 14. Qc2 Nb4 15. Qc1 f4 16. exf4 exf4 17. Bf2 Nbd3 18. Qc2 Nxf2 19. Kxf2 Bd4+ 20. Ke1 Bxc3 21. Qxc3 Re8 22. Ne4 Nxe4 23. fxe4 Qe7 24. Rd1 Qxe4 25. Rf2 Bg4 26. Rd2 Rad8 27. Rxd8 Rxd8 28. Kf1 Bxe2+ 29. Rxe2 Qd4 30. Qc2 Qd1+ 31. Qxd1 Rxd1+ 32. Kf2 Kf7 33. h4 Rd4 34. hxg5 hxg5 35. b3 Kf6 36. g3 Kf5 37. gxf4 gxf4 38. Re7 Rd2+ 39. Kf3 Rxa2 40. Rf7+ Ke5 41. Rxc7 b6 42. Re7+ Kd4 43. Kxf4 Kc3 44. Re3+ Kb4 45. Rh3 Ra3 46. Rh7 Kxb3 47. c5 bxc5 48. Ke4 Kb4 49. Rb7+ Kc4 50. Rc7 Ra1 51. Ke3 Ra2 52. Rc8 a5 53. Rh8 a4 54. Rh1 Rc2 55. Rh4+ Kb3 56. Kd3 Rc3+ 57. Kd2 c4 58. Rh8 Rc2+ 59. Kd1 Rg2 60. Rb8+ Kc3 61. Ra8 Rg1+ 62. Ke2 Ra1 63. Ra7 a3 64. Kf2 a2 65. Kg2 Kc2 66. Ra8 c3 67. Ra7 Rb1 68. Rxa2+ Rb2 69. Ra7 Kd1+ 70. Kf3 c2 71. Rd7+ Kc1 72. Ke3 Kb1 73. Rc7 c1Q+ 74. Rxc1+ Kxc1 0-1

[Event "Titled Tuesday intern op 22nd Aug Early"]
[Site "Chess.com INT"]
[Date "2023.08.22"]
[Round "9"]
[White "Gogolev, Artem"]
[Black "Solys, Laimutis"]
[Result "0-1"]
[WhiteElo "2241"]
[BlackElo "2269"]
[PlyCount "48"]
[EventDate "2023.08.22"]
[EventType "swiss (blitz)"]
[EventRounds "11"]
[EventCountry "USA"]
[SourceTitle "EXT 2024"]
[Source "ChessBase"]
[SourceDate "2023.10.10"]
[SourceVersion "1"]
[SourceVersionDate "2023.10.10"]
[SourceQuality "1"]

1. d4 d5 2. c4 e6 3. g3 dxc4 4. Bg2 a6 5. Nf3 b5 6. Ne5 c6 7. Nxc6 Qb6 8. Ne5 Bb7 9. e4 Nf6 10. d5 exd5 11. exd5 Bd6 12. Ng4 Nxg4 13. Qxg4 0-0 14. 0-0 Re8 15. Nc3 Bc8 16. Qh4 Nd7 17. a4 Rb8 18. axb5 axb5 19. Be3 Bc5 20. Bf4 Bd6 21. Ne4 Bxf4 22. Qxf4 Ne5 23. Ng5 f6 24. Nf3 Bd7 0-1

[Event "Titled Tuesday intern op 22nd Aug Early"]
[Site "Chess.com INT"]
[Date "2023.08.22"]
[Round "2"]
[White "Gogolev, Artem"]
[Black "Zaksaite, Salomeja"]
[Result "1-0"]
[WhiteElo "2241"]
[BlackElo "2217"]
[PlyCount "83"]
[EventDate "2023.08.22"]
[EventType "swiss (blitz)"]
[EventRounds "11"]
[EventCountry "USA"]
[SourceTitle "EXT 2024"]
[Source "ChessBase"]
[SourceDate "2023.10.10"]
[SourceVersion "1"]
[SourceVersionDate "2023.10.10"]
[SourceQuality "1"]

1. d4 Nf6 2. c4 g6 3. Nf3 Bg7 4. g3 d6 5. Bg2 0-0 6. 0-0 Nc6 7. Nc3 Bf5 8. h3 Qc8 9. g4 Bd7 10. d5 Na5 11. Qd3 c5 12. e4 a6 13. e5 Ne8 14. Bg5 f6 15. exf6 exf6 16. Bf4 b5 17. Nd2 bxc4 18. Nxc4 Nxc4 19. Qxc4 Rb8 20. a3 Rxb2 21. Rfe1 f5 22. g5 Rc2 23. Rac1 Bxc3 24. Rxc2 Bxe1 25. Re2 Bb5 26. Qc2 Bxe2 27. Qxe2 Bc3 28. h4 Ng7 29. h5 Nxh5 30. Bxd6 Re8 31. Be7 Nf4 32. Qc4 Rxe7 33. d6+ Re6 34. Bf1 Bd4 35. Qa4 Qe8 36. Qxa6 Qd7 37. Bc4 Kf7 38. Qa8 Qxd6 39. Qh8 Nd5 40. Qxh7+ Bg7 41. Qh3 Nf4 42. Qb3 1-0

[Event "Titled Tuesday intern op 04th Jul Early"]
[Site "Chess.com INT"]
[Date "2023.07.04"]
[Round "4"]
[White "Gogolev, Artem"]
[Black "Matamoros Franco, Carlos S"]
[Result "0-1"]
[WhiteElo "2241"]
[BlackElo "2441"]
[PlyCount "122"]
[EventDate "2023.07.04"]
[EventType "swiss (blitz)"]
[EventRounds "11"]
[EventCountry "USA"]
[SourceTitle "EXT 2024"]
[Source "ChessBase"]
[SourceDate "2023.10.10"]
[SourceVersion "1"]
[SourceVersionDate "2023.10.10"]
[SourceQuality "1"]

1. d4 Nf6 2. c4 c5 3. d5 g6 4. Nc3 Bg7 5. e4 d6 6. h3 0-0 7. Nf3 e6 8. Bd3 exd5 9. exd5 Re8+ 10. Be3 Rxe3+ 11. fxe3 Qe7 12. 0-0 Nbd7 13. Rf2 b6 14. Qd2 Ba6 15. Kh1 Ne5 16. Nxe5 Qxe5 17. Raf1 Rf8 18. Rf3 Qe7 19. R3f2 Nd7 20. Ne4 f5 21. Nc3 Bh6 22. Ne2 Bxe3 23. Qd1 Bxf2 24. Rxf2 Ne5 25. Nf4 Bc8 26. Bf1 g5 27. Nd3 Qf6 28. Nxe5 Qxe5 29. Re2 Qf6 30. Qe1 f4 31. Re7 f3 32. gxf3 Qxf3+ 33. Bg2 Qf6 34. Rxa7 Bf5 35. Qe7 Qxe7 36. Rxe7 Rf7 37. Re8+ Kg7 38. Rb8 Kf6 39. Rxb6 Ke5 40. a4 Bd3 41. b3 Rf2 42. a5 Ra2 43. a6 Ra3 44. Kh2 Bc2 45. Kg3 Bxb3 46. Kg4 Bxc4 47. Kxg5 Rg3+ 48. Kh6 Rxg2 49. a7 Bxd5 50. Ra6 Rg3 51. a8Q Bxa8 52. Rxa8 Rxh3+ 53. Kg5 c4 54. Re8+ Kd4 55. Kf4 c3 56. Re4+ Kd3 57. Re6 d5 58. Rd6 d4 59. Ke5 c2 60. Rxd4+ Kc3 61. Rh4 Rxh4 0-1

[Event "Titled Tuesday intern op 04th Jul Early"]
[Site "Chess.com INT"]
[Date "2023.07.04"]
[Round "7"]
[White "Martin, Lewis"]
[Black "Gogolev, Artem"]
[Result "1-0"]
[WhiteElo "2135"]
[BlackElo "2241"]
[PlyCount "59"]
[EventDate "2023.07.04"]
[EventType "swiss (blitz)"]
[EventRounds "11"]
[EventCountry "USA"]
[SourceTitle "EXT 2024"]
[Source "ChessBase"]
[SourceDate "2023.10.10"]
[SourceVersion "1"]
[SourceVersionDate "2023.10.10"]
[SourceQuality "1"]

1. e4 c6 2. d4 d5 3. Nc3 dxe4 4. Nxe4 Bf5 5. Ng3 Bg6 6. Nf3 Nd7 7. h4 h6 8. h5 Bh7 9. Bd3 Bxd3 10. Qxd3 Ngf6 11. Bd2 e6 12. 0-0-0 Be7 13. Ne4 Nxe4 14. Qxe4 Nf6 15. Qe2 Qd5 16. c4 Qe4 17. Rde1 Qxe2 18. Rxe2 b5 19. c5 0-0 20. g4 Nxg4 21. Rg1 Nf6 22. Bxh6 Nxh5 23. Ne5 Rac8 24. f3 Kh7 25. Be3 g6 26. Rh2 Bf6 27. Nd7 Kg7 28. Rxh5 Rfd8 29. Nxf6 Kxf6 30. Bg5+ 1-0

[Event "Titled Tuesday intern op 04th Jul Early"]
[Site "Chess.com INT"]
[Date "2023.07.04"]
[Round "3"]
[White "Mekhitarian, Krikor Sevag"]
[Black "Gogolev, Artem"]
[Result "1/2-1/2"]
[WhiteElo "2537"]
[BlackElo "2241"]
[PlyCount "282"]
[EventDate "2023.07.04"]
[EventType "swiss (blitz)"]
[EventRounds "11"]
[EventCountry "USA"]
[SourceTitle "EXT 2024"]
[Source "ChessBase"]
[SourceDate "2023.10.10"]
[SourceVersion "1"]
[SourceVersionDate "2023.10.10"]
[SourceQuality "1"]

1. Nf3 d5 2. c4 e6 3. d4 Nf6 4. cxd5 exd5 5. Nc3 Bb4 6. Bf4 c5 7. e3 Ne4 8. Rc1 Qa5 9. Qc2 Nd7 10. Bd3 Ndf6 11. dxc5 Bxc3+ 12. bxc3 Nxc5 13. 0-0 h6 14. c4 Nxd3 15. Qxd3 dxc4 16. Qd6 Be6 17. Nd4 Rd8 18. Qe5 Qxe5 19. Bxe5 Rc8 20. Nb5 0-0 21. Nxa7 Ra8 22. Bd4 Rfd8 23. Nb5 Rxa2 24. Nc3 Rd2 25. Rb1 Rd7 26. Rfc1 Nd5 27. Ne4 Ra2 28. Nc5 Rc7 29. Nxb7 Bf5 30. Rb5 c3 31. Nd6 Be6 32. Ne4 c2 33. Nc5 Rca7 34. f3 R7a4 35. Nxa4 Rxa4 36. Rxc2 Ra1+ 37. Kf2 Rd1 38. Rb7 Kh7 39. h4 h5 40. Rbb2 Ra1 41. Rd2 Ra4 42. e4 Nf4 43. Be3 Ng6 44. g3 Ne5 45. Rbc2 Nc4 46. Rd4 Nxe3 47. Kxe3 Ra3+ 48. Rd3 Ra1 49. Kf4 Rf1 50. Rc6 Kg6 51. Rdd6 Kf6 52. Rb6 Ke7 53. Rdc6 Bg4 54. Rc7+ Kd8 55. Rc3 Be6 56. Rxe6 fxe6 57. Kg5 Ke7 58. Kxh5 Kf6 59. Kg4 g6 60. f4 e5 61. Rc6+ Kf7 62. fxe5 Re1 63. Rf6+ Kg7 64. Kf4 Rf1+ 65. Ke3 Re1+ 66. Kd4 Rg1 67. Rf3 Rd1+ 68. Kc5 Re1 69. Kd5 Rd1+ 70. Ke6 Re1 71. Ke7 Rxe4 72. e6 Ra4 73. Rd3 Ra7+ 74. Rd7 Ra6 75. Rb7 Ra8 76. Kd7 Kf6 77. Rb6 Ra7+ 78. Kd6 Ra1 79. Rb5 Ra6+ 80. Kd5 Rxe6 81. Rb3 Re5+ 82. Kd4 Re6 83. Rf3+ Kg7 84. Rf4 Re1 85. Re4 Rg1 86. Rg4 Re1 87. Kd3 Kf6 88. Re4 Rd1+ 89. Ke2 Rg1 90. Kf3 Ra1 91. Kg4 Ra3 92. Rf4+ Kg7 93. Rb4 Ra7 94. Kf4 Rc7 95. g4 Rf7+ 96. Kg5 Rc7 97. Rb5 Ra7 98. Re5 Rc7 99. Kf4 Rf7+ 100. Ke4 Ra7 101. Rd5 Re7+ 102. Kf4 Rf7+ 103. Ke4 Re7+ 104. Re5 Ra7 105. Kf4 Rf7+ 106. Ke3 Ra7 107. g5 Ra4 108. Re4 Ra7 109. Kf4 Rf7+ 110. Ke5 Ra7 111. Rd4 Kf7 112. Kd6 Ra6+ 113. Kd7 Ra7+ 114. Kc6 Ra6+ 115. Kb5 Ra1 116. Rf4+ Kg7 117. Kc5 Rd1 118. Rd4 Ra1 119. Kd6 Kf7 120. Rf4+ Kg7 121. Rc4 Rd1+ 122. Ke6 Re1+ 123. Kd6 Rd1+ 124. Ke5 Re1+ 125. Re4 Ra1 126. Rd4 Re1+ 127. Kd6 Ra1 128. Re4 Kf7 129. Re7+ Kf8 130. Re6 Kf7 131. Rf6+ Kg7 132. Rf4 Ra6+ 133. Ke5 Ra5+ 134. Ke4 Ra4+ 135. Kf3 Ra3+ 136. Kg4 Ra1 137. Rc4 Rg1+ 138. Kf4 Rf1+ 139. Ke5 Re1+ 140. Kd5 Rd1+ 141. Ke5 Re1+ 1/2-1/2